Tout sur... Super Mario - Statistiques

Statistiques générales
  • Ce quiz a été pris 251 fois
    213 depuis la dernière actualisation
  • Le résultat moyen est 17 sur 20
Statistiques - réponses
Quel(le) est... Réponse % Correct
Son frère Luigi
99%
La princesse à sauver dans la majorité des jeux Peach
99%
La couleur majoritaire de ses vêtements Rouge
99%
Son pire ennemi Bowser
98%
Le serviteur champignon de celle-ci Toad
98%
Le pays où il a été créé Japon
97%
L'entreprise qui l'a créé Nintendo
97%
Le gorille qui aime les bananes Donkey Kong
96%
Le dinosaure vert Yoshi
96%
Le jeu de course le plus vendu au monde Mario Kart 8 Deluxe
94%
Le rival autoproclamé de Mario, il aime l'ail et l'argent Wario
90%
La série où Mario joue au dés sur un plateau et participe à des mini-jeux Mario Party
88%
La série oú le frère du héros capture des fantômes à l'aide d'un aspirateur Luigi's Mansion
87%
La première console portable sur laquelle il est apparu Game Boy
82%
Le jeu de plate-formes le plus vendu au monde Super Mario Bros.
79%
La première console de salon sur laquelle il est apparu sous le nom Mario Nintendo Entertainment System (NES) | Famicom
78%
La première console où Mario apparaît en 3D Nintendo 64
72%
Le nombre de jeux Mario Kart sortis Quinze
68%
Le nom du monde dans lequel il vit Royaume Champignon
63%
La série où un gorille essaie de récupérer ses bananes, entre autres Donkey Kong Country
61%
Aucun quiz correspondant
Distribution des résultats
% des personnes avec chaque résultat
Percentile par nombre de réponses
Votre historique - résultats
Vous n’avez pas pris ce quiz depuis la dernière actualisation